| 000 | 00451nam a2200181Ia 4500 | ||
|---|---|---|---|
| 001 | 17693 | ||
| 005 | 20260306171536.0 | ||
| 008 | 260306s9999||||xx |||||||||||||| ||und|| | ||
| 041 | _aESP | ||
| 082 |
_a658.15 _bF75 |
||
| 100 |
_aForsyth, Juan Alberto _eAUT |
||
| 245 | 0 |
_aFinanzas empresariales: _brentabilidad y valor |
|
| 260 | _c2006 | ||
| 300 |
_axxii, 392 páginas : _c23 cm. |
||
| 650 | _aGEN | ||
| 654 | _aCAN | ||
| 942 |
_cLIB _dJUS _fJUS _2ddc _n |
||
| 999 |
_c17693 _d17693 |
||